Uma noiva bela, belíssima (Registo nº 6080)
[ vista simples ]
| 000 -Etiqueta do registo | |
|---|---|
| Valores | 00652nam a2200217 4500 |
| 010 ## - Número ISBN | |
| ISBN | 9722412116 |
| 100 ## - Dados gerais de processamento | |
| Dados gerais | 20211231d2002 bc|y0pory5003 ba |
| 200 1# - Titulo e menção de responsabilidade | |
| Título próprio | Uma noiva bela, belíssima |
| Primeira menção de responsabilidade | uma história de Beatrice Masini |
| Outras menções de responsabilidade | ilustrada por Anna Laura Cantone |
| 210 ## - Publicação | |
| Local de publicação | Lisboa |
| Nome do editor | Livros Horizonte |
| Data de publicação | 2002 |
| 215 ## - Descrição física | |
| Paginação / Volumes | [28] p. |
| Outras indicações físicas | il |
| 606 ## - Nome comum usado como assunto | |
| ID Autoridade | 14 |
| Palavra de ordem | Literatura infantil |
| 606 ## - Nome comum usado como assunto | |
| ID Autoridade | 13 |
| Palavra de ordem | Literatura Estrangeira |
| 675 ## - CDU | |
| Notação | 82-93 |
| Edição | BN |
| Língua | por |
| 675 ## - CDU | |
| Notação | 821.1/.8 |
| Edição | BN |
| Língua | por |
| 700 ## - Autor principal (pessoa individual) | |
| Apelido | Masini |
| Nome | Beatrice |
| ID Autoridade | 5789 |
| 702 ## - Autor secundário (pessoa individual) | |
| Apelido | Cantone |
| Nome | Anna Laura |
| ID Autoridade | 5790 |
| 801 #0 - Fonte de origem | |
| País | PT |
| Agência | BMVN |
| Regras de catalogação | RPC |
| 830 ## - Notas gerais do catalogador | |
| Criado por | Ana Caetano |
| Data de criação | 31/12/2021 |
| 990 ## - Elementos KOHA | |
| Tipo de documento | Livro |
| Situação do levantamento | Biblioteca de origem | Código de barras | Cota | Permissão de empréstimo | Tipo de documento | Forma de aquisição |
|---|---|---|---|---|---|---|
| Biblioteca Municipal de Vendas Novas | 100000035611 | LI EST/MAS | Livro |